[Event "AUTO-ADV-4464"]
[Site "http://www.queenalice.com/game.php?id=1643680"]
[Date "2021.2.15"]
[Round "1"]
[White "pomar"]
[Black "Sheik3333"]
[Result "1-0"]
[WhiteElo "2047"]
[BlackElo "1733"]

1. f3 e5 2. Kf2 Bc5+ 3. e3 Nf6 4. c4 O-O 5. Nc3 Bb4 6. a3 Bxc3 7. bxc3 Nc6 8. d4
e4 9. Qc2 exf3 10. gxf3 d5 11. cxd5 Nxd5 12. e4 Nf6 13. Bh3 Bxh3 14. Nxh3 Qd7
15. Nf4 Rfe8 16. Rg1 h6 17. Nd3 Qh3 18. Rg2 Qh4+ 19. Kg1 Qh5 20. Qf2 Qa5 21.
Bxh6 g6 22. Bd2 Rad8 23. c4 Qb6 24. d5 Qxf2+ 25. Kxf2 Nd4 26. Bc3 c5 27. dxc6
bxc6 28. Rd1 c5 29. Nxc5 Nh5 30. Rxd4 Rxd4 31. Bxd4 Nf4 32. Rg4 Ne6 33. Nxe6
Rxe6 34. Bxa7 Ra6 35. Bd4 1-0

[Event "AUTO-ADV-4475"]
[Site "http://www.queenalice.com/game.php?id=1646820"]
[Date "2021.3.16"]
[Round "1"]
[White "forever"]
[Black "Sheik3333"]
[Result "1-0"]
[WhiteElo "1725"]
[BlackElo "1768"]

1. e4 e5 2. Bc4 Nf6 3. Nf3 d6 4. d4 Qe7 5. c3 h6 6. Nbd2 Be6 7. O-O a6 8. dxe5
dxe5 9. Qb3 b5 10. Nxe5 bxc4 11. Qb7 Qd8 12. Qxa8 Bd6 13. Nexc4 O-O 14. e5 Bd5
15. Qa7 Nc6 16. Qxa6 Nxe5 17. Ne3 Qa8 18. Qxa8 Rxa8 19. Nxd5 Nxd5 20. Ne4 Ng4
21. Nxd6 cxd6 22. c4 Nb6 23. b3 Re8 24. h3 Ne5 25. Re1 Nf3+ 26. gxf3 Rxe1+ 27.
Kg2 Nd7 28. Bb2 Re2 29. Rb1 Nc5 30. Bd4 Rxa2 31. b4 Nd3 32. b5 Nf4+ 33. Kh2 Nd3
34. Ra1 Rxa1 35. Bxa1 Nxf2 36. b6 Nd3 37. b7 1-0

[Event "AUTO-ADV-4475"]
[Site "http://www.queenalice.com/game.php?id=1646821"]
[Date "2021.3.16"]
[Round "1"]
[White "Sheik3333"]
[Black "forever"]
[Result "1-0"]
[WhiteElo "1750"]
[BlackElo "1810"]

1. e4 c5 2. Bc4 e6 3. d3 d5 4. exd5 exd5 5. Bb5+ Nc6 6. Bxc6+ bxc6 7. Bf4 Nf6 8.
Qe2+ Be7 9. Bg5 O-O 10. Nf3 Bg4 11. Bxf6 Bxf6 12. O-O Bxb2 13. Nbd2 Bxa1 14.
Rxa1 Qa5 15. h3 Qc3 16. Qd1 Rab8 17. hxg4 Rb2 18. Rc1 Rxa2 19. Nb1 Qb4 20. Qd2
Qxg4 21. Ne5 Qe6 22. Re1 Re8 23. Qe3 Rxc2 24. Na3 Rc3 25. Nb1 Rb3 26. Nd2 Rb4
27. Ndf3 h6 28. d4 c4 29. Qa3 Reb8 30. Qxa7 f6 31. Nd7 R4b7 32. Qxb8+ 1-0

[Event "AUTO-ADV-4475"]
[Site "http://www.queenalice.com/game.php?id=1646836"]
[Date "2021.3.16"]
[Round "1"]
[White "Sheik3333"]
[Black "Dinda54"]
[Result "0-1"]
[WhiteElo "1753"]
[BlackElo "1743"]

1. e4 e5 2. Nf3 Nc6 3. Bb5 Bc5 4. Bxc6 bxc6 5. d3 d6 6. Nc3 h6 7. Qe2 Nf6 8. h3
O-O 9. Be3 Bxe3 10. Qxe3 c5 11. O-O Nh5 12. Rfd1 Nf4 13. a3 Qf6 14. Kh2 Qg6 15.
g3 Nxh3 16. Nh4 Qh5 17. Nd5 Bg4 18. Rf1 Ng5 19. Kg2 Bh3+ 20. Kh2 Bxf1 21. Rxf1
Qg4 22. Re1 Rae8 23. Rh1 Qd7 24. Kg2 c6 25. Nc3 d5 26. Qxc5 d4 27. Ne2 Qb7 28.
Rb1 Qc8 29. Ng1 Ne6 30. Qxe5 Ng5 31. Qxd4 Ne6 32. Qxa7 g6 33. Qe3 g5 34. Nf5 Qd7
35. Nxh6+ Kg7 36. Nf5+ Kg6 37. g4 Rh8 38. Qf3 Rh7 39. b4 Reh8 40. c4 Qc7 41. Kf1
Rh1 42. Ng3 Nd4 43. Qe3 Ne6 44. Nxh1 Rxh1 45. Qf3 Qh2 46. Qg3 Qh8 47. Qf3 Nf4
48. a4 Qh2 49. Qg3 Qh8 50. a5 Qc3 51. Qf3 Qh8 52. a6 Qh2 53. Qg3 Qh8 54. a7 Nh3
55. Qg2 Rxg1+ 56. Qxg1 Nxg1 57. Ra1 Qxa1+ 58. Kg2 Qxa7 59. Kxg1 Qd4 60. b5 c5
61. b6 Qd7 62. Kf1 Qxd3+ 63. Kg1 Qxe4 64. Kf1 Qxc4+ 65. Kg1 Qa6 0-1

[Event "AUTO-ADV-4475"]
[Site "http://www.queenalice.com/game.php?id=1646837"]
[Date "2021.3.16"]
[Round "1"]
[White "Dinda54"]
[Black "Sheik3333"]
[Result "0-1"]
[WhiteElo "1760"]
[BlackElo "1736"]

1. e4 e5 2. Nf3 d6 3. h3 Nf6 4. Nc3 a6 5. Bc4 h6 6. O-O Qe7 7. d3 b5 8. Bd5 Nxd5
9. Nxd5 Qd7 10. Nh4 Bb7 11. Bd2 Bxd5 12. exd5 Be7 13. Nf3 O-O 14. Qe1 Bf6 15.
Qe4 Re8 16. c4 c6 17. b3 c5 18. a3 bxc4 19. dxc4 Qb7 20. Qg4 Qd7 21. Qg3 Qf5 22.
Rae1 Nd7 23. Bxh6 Qg6 24. Qxg6 fxg6 25. Be3 a5 26. a4 Rab8 27. Rb1 Rb7 28. Bd2
Reb8 29. Bxa5 Ra7 30. Bc3 e4 31. Bxf6 gxf6 32. Nh4 Kg7 33. Rfe1 f5 34. Re3 Rxa4
35. Rg3 Nf8 36. Re3 Rxc4 37. Ra1 Rcb4 38. Ra3 Kf6 39. Ra6 R8b6 40. Ra8 Kg7 41.
Rg3 Rxb3 42. Nxf5+ Kf6 43. Rxf8+ Ke5 44. Ne3 Rb1+ 45. Kh2 R1b3 46. Nc4+ Kd4 47.
Nxb6 Rxb6 48. Rxg6 Kxd5 49. Re8 c4 50. Rge6 c3 51. Rxe4 c2 52. Rc8 Rb2 53. Rcc4
c1=Q 54. Red4+ Ke5 55. Rxc1 Kxd4 56. Rd1+ Kc5 57. f4 Rb4 58. Kg3 d5 59. f5 d4
60. f6 Rb8 61. f7 Rf8 62. Re1 Rxf7 63. Kh2 d3 0-1

[Event "AUTO-ADV-4475"]
[Site "http://www.queenalice.com/game.php?id=1646838"]
[Date "2021.3.16"]
[Round "1"]
[White "Sheik3333"]
[Black "NickThorp"]
[Result "0-1"]
[WhiteElo "1750"]
[BlackElo "1585"]

1. e4 e5 2. Nf3 Nc6 3. Bb5 a6 4. Bxc6 dxc6 5. h3 f6 6. d3 Bb4+ 7. c3 Bc5 8. O-O
Be6 9. Qe2 Qd7 10. Be3 Bxe3 11. Qxe3 Nh6 12. Nbd2 O-O-O 13. d4 exd4 14. cxd4 Bf7
15. e5 fxe5 16. Nxe5 Qxd4 17. Qxd4 Rxd4 18. Ndf3 Rd5 19. g4 Be6 20. Rfd1 Rhd8
21. Rxd5 Bxd5 22. Ng5 g6 23. Nxh7 Re8 24. Re1 Kd8 0-1

[Event "AUTO-ADV-4475"]
[Site "http://www.queenalice.com/game.php?id=1646839"]
[Date "2021.3.16"]
[Round "1"]
[White "NickThorp"]
[Black "Sheik3333"]
[Result "0-1"]
[WhiteElo "1544"]
[BlackElo "1727"]

1. e4 e5 2. Nf3 d6 3. Bb5+ c6 4. Ba4 Nd7 5. d3 Nc5 6. Bg5 f6 7. Bh4 Ne7 8. Nc3
a6 9. O-O Qd7 10. a3 b5 11. Bb3 Nxb3 12. cxb3 Qg4 13. Bg3 h6 14. h3 Qg6 15. a4
b4 16. Ne2 Be6 17. Rc1 Qf7 18. d4 Bxb3 19. Qd2 a5 20. dxe5 dxe5 21. Rc5 Bxa4 22.
Rfc1 Rd8 23. Qe3 Bb5 24. Kh2 Ng6 25. Nh4 Nxh4 26. Bxh4 Qh5 27. Bg3 Qxe2 28. Qxe2
Bxe2 29. Rxc6 Ra8 30. Rc8+ Rxc8 31. Ra1 Ra8 32. f3 Bd6 33. Re1 Bb5 34. b3 O-O
35. Rd1 Rfd8 36. Rd5 Be2 37. Rd2 Ba6 38. Rd5 Be2 39. Bf2 f5 40. exf5 Ra6 41. Rd2
Bb5 42. Bg3 Bc7 43. Rc2 Rc6 44. Rb2 Rd3 45. h4 Rcc3 46. Re2 Re3 47. Rf2 Rxb3 48.
Kh3 Bd7 49. Rc2 Bxf5+ 50. Kh2 Bxc2 0-1

[Event "AUTO-ADV-4488"]
[Site "http://www.queenalice.com/game.php?id=1650371"]
[Date "2021.4.22"]
[Round "1"]
[White "carlitomontana93270"]
[Black "Sheik3333"]
[Result "1-0"]
[WhiteElo "1730"]
[BlackElo "1759"]

1. c4 e5 2. d3 Bc5 3. e3 Nc6 4. Nf3 d6 5. Be2 Nf6 6. O-O h6 7. Bd2 O-O 8. Nc3
Bg4 9. h3 Bh5 10. a3 Re8 11. b4 Bxb4 12. axb4 Nxb4 13. Nd5 Nbxd5 14. cxd5 Nxd5
15. Qb3 Nb6 16. Ba5 c6 17. Bxb6 axb6 18. Rxa8 Qxa8 19. Qxb6 Re7 20. Rb1 f6 21.
Kf1 Qa2 22. Qd8+ Kf7 23. Re1 b5 24. Qxd6 Qe6 25. Qxe6+ Rxe6 26. Nd2 Bxe2+ 27.
Rxe2 c5 28. Ne4 c4 29. dxc4 bxc4 30. Rc2 Rc6 31. Nd2 c3 32. Ne4 g5 33. Rxc3 Rxc3
34. Nxc3 Ke6 35. Ke2 f5 36. f3 f4 37. e4 Kd6 38. Nd5 Ke6 39. Kd3 Kd6 40. Kc4 h5
41. Kb5 g4 42. hxg4 hxg4 43. fxg4 Ke6 44. Kc6 Kf7 45. Kd6 Kg6 46. Kxe5 Kg5 47.
Nf6 Kg6 48. Nh5 Kg5 49. Nxf4 Kxg4 50. Kf6 Kxf4 51. e5 1-0

[Event "AUTO-ADV-4488"]
[Site "http://www.queenalice.com/game.php?id=1650372"]
[Date "2021.4.22"]
[Round "1"]
[White "Sheik3333"]
[Black "carlitomontana93270"]
[Result "1-0"]
[WhiteElo "1737"]
[BlackElo "1856"]

1. e4 c5 2. Bc4 e6 3. d3 d6 4. Nf3 Nf6 5. Be3 Be7 6. a3 O-O 7. Nc3 Bd7 8. Bb5
Bc8 9. h3 a6 10. Ba4 b5 11. Bb3 Bd7 12. O-O Nc6 13. d4 cxd4 14. Nxd4 e5 15. Nxc6
Bxc6 16. Bd5 Nxd5 17. Nxd5 Bg5 18. Bxg5 Qxg5 19. f3 f5 20. Nc7 Qe3+ 21. Rf2 Ra7
22. Ne6 Re8 23. exf5 Bd7 24. Qxd6 Bxe6 25. fxe6 Qh6 26. Re1 Rxe6 27. Qd5 Qf6 28.
f4 Re7 29. f5 Kh8 30. fxe6 Qg5 31. Rf8# 1-0

[Event "AUTO-ADV-4488"]
[Site "http://www.queenalice.com/game.php?id=1650389"]
[Date "2021.4.22"]
[Round "1"]
[White "Sheik3333"]
[Black "altair"]
[Result "0-1"]
[WhiteElo "1747"]
[BlackElo "1410"]

1. e4 e5 2. Nf3 d6 3. Bc4 h6 4. Nc3 c6 5. a3 Nf6 6. d3 d5 7. exd5 cxd5 8. Bb5+
Bd7 9. Bxd7+ Nbxd7 10. Qe2 Bd6 11. O-O O-O 12. d4 Re8 13. dxe5 Ng4 14. Nxd5 Bxe5
15. Rd1 Bxh2+ 16. Kh1 Rxe2 17. Nxh2 Nxf2+ 18. Kg1 Nxd1 19. Bxh6 Nxb2 20. Bf4 Nf6
21. Nxf6+ gxf6 22. c4 Qd4+ 23. Kf1 Qf2# 0-1

[Event "AUTO-ADV-4488"]
[Site "http://www.queenalice.com/game.php?id=1650390"]
[Date "2021.4.22"]
[Round "1"]
[White "altair"]
[Black "Sheik3333"]
[Result "0-1"]
[WhiteElo "1427"]
[BlackElo "1734"]

1. e4 e5 2. Nf3 d6 3. h3 Nf6 4. d3 Nc6 5. a3 h6 6. Nc3 Be7 7. Be2 O-O 8. d4 exd4
9. Nxd4 Nxd4 10. Qxd4 c5 11. Qe3 Re8 12. O-O a6 13. Qg3 Bf8 14. Bd3 Nh5 15. Qf3
Nf6 16. Nd5 Nxd5 17. exd5 Be7 18. Qe4 Bf6 19. Qh7+ Kf8 20. Qh8+ Ke7 21. Re1+ Kd7
22. Bf5+ Kc7 23. Rxe8 Bxf5 24. Rxd8 Rxd8 25. Qxd8+ Kxd8 26. c3 c4 27. Bf4 Kd7
28. Re1 b5 29. g4 Bh7 0-1

[Event "AUTO-ADV-4488"]
[Site "http://www.queenalice.com/game.php?id=1650391"]
[Date "2021.4.22"]
[Round "1"]
[White "Sheik3333"]
[Black "askasl159"]
[Result "1-0"]
[WhiteElo "1745"]
[BlackElo "1700"]

1. e4 e5 2. Nf3 Nc6 3. Bb5 Nge7 4. Nc3 a6 5. Ba4 g6 6. d3 Bg7 7. O-O O-O 8. Be3
d5 9. Bxc6 Nxc6 10. Nxd5 Be6 11. Nc3 b5 12. Bc5 Re8 13. a3 Nd4 14. Nxd4 exd4 15.
Ne2 Bg4 16. f3 Be6 17. f4 Bg4 18. h3 Bxe2 19. Qxe2 f5 20. e5 Qd5 21. Bb4 c5 22.
Bd2 c4 23. dxc4 bxc4 24. Rfd1 a5 25. a4 Ra7 26. Re1 d3 27. cxd3 cxd3 28. Qf2 Rb7
29. Bc3 Reb8 30. Rab1 Qc4 31. Qd4 Qa6 32. Red1 Qe6 33. Rxd3 Qb6 34. Qxb6 Rxb6
35. Rd2 Ra6 36. Rbd1 Ra7 37. Rd8+ Rxd8 38. Rxd8+ Bf8 39. Bd4 Rc7 40. Bb6 Rc1+
41. Kh2 Kf7 42. Rd7+ 1-0

[Event "AUTO-ADV-4488"]
[Site "http://www.queenalice.com/game.php?id=1650392"]
[Date "2021.4.22"]
[Round "1"]
[White "askasl159"]
[Black "Sheik3333"]
[Result "1-0"]
[WhiteElo "1830"]
[BlackElo "1758"]

1. e4 e5 2. f4 exf4 3. Nf3 Bc5 4. d4 Bb6 5. Bxf4 Nf6 6. Nc3 O-O 7. Bc4 Re8 8. e5
Nh5 9. Be3 g6 10. O-O Ng7 11. Bg5 Re7 12. Bxe7 Qxe7 13. Nd5 Qd8 14. Nxb6 axb6
15. a3 c5 16. c3 Nf5 17. Qd3 Nc6 18. b4 cxb4 19. axb4 Rxa1 20. Rxa1 d6 21. exd6
Qxd6 22. b5 Na5 23. Ne5 Nxc4 24. Nxc4 Be6 25. Nxd6 Nxd6 26. Ra8+ Kg7 27. d5 Bf5
28. Qd4+ Kh6 29. Qf6 Nxb5 30. Rg8 Kh5 31. g3 Nc7 32. Qh4# 1-0

[Event "AUTO-ADV-4496"]
[Site "http://www.queenalice.com/game.php?id=1758971"]
[Date "2021.5.9"]
[Round "1"]
[White "Nille"]
[Black "Sheik3333"]
[Result "1-0"]
[WhiteElo "1871"]
[BlackElo "1762"]

1. e4 e5 2. Nf3 d6 3. Bc4 h6 4. h3 Nf6 5. Nc3 a6 6. d4 Nc6 7. dxe5 dxe5 8. Qxd8+
Nxd8 9. Nxe5 Be6 10. Bxe6 Nxe6 11. f3 Nd4 12. Kd1 Bb4 13. Na4 Bd6 14. Nd3 O-O
15. e5 Bxe5 16. Nxe5 Rfd8 17. Bd2 Rd6 18. Nc5 Rd5 19. Ned3 b6 20. Ne4 Nxe4 21.
fxe4 Rb5 22. c3 Ne6 23. b4 Rd8 24. a4 Rg5 25. Bxg5 Nxg5 26. Kc2 Nxe4 27. Rhf1
Ng3 28. Rf3 Nh5 29. Raf1 Nf6 30. c4 Rd7 31. b5 a5 32. Nf4 Rd4 33. Kc3 Rd7 34.
Nd5 Nxd5+ 35. cxd5 f6 36. Kc4 Re7 37. Rf4 Kf7 38. Kd4 Rd7 39. Kc4 Rd6 40. g4 g5
41. Rf5 Kg6 42. Re1 h5 43. Re7 hxg4 44. hxg4 c5 45. bxc6 Rd8 46. c7 Rc8 47. Kb5
1-0

[Event "AUTO-ADV-4496"]
[Site "http://www.queenalice.com/game.php?id=1758972"]
[Date "2021.5.9"]
[Round "1"]
[White "Sheik3333"]
[Black "Nille"]
[Result "0-1"]
[WhiteElo "1758"]
[BlackElo "1893"]

1. e4 e5 2. Nf3 d6 3. Bc4 h6 4. d3 Nf6 5. Nc3 Be6 6. Bxe6 fxe6 7. h3 Nc6 8. O-O
d5 9. exd5 exd5 10. Re1 Bb4 11. Bd2 O-O 12. a3 Bxc3 13. Bxc3 d4 14. Bd2 Kh7 15.
Nxe5 Qd5 16. Nxc6 Qxc6 17. Bb4 Rfe8 18. c3 a5 19. cxd4 axb4 20. Rxe8 Qxe8 21. a4
Nd5 22. a5 Nf4 23. Qf3 Ne2+ 24. Kf1 Nxd4 25. Qxb7 c5 26. a6 Nc2 27. Rc1 Nd4 28.
Re1 Qc6 29. Qxc6 Nxc6 30. Ra1 Ne5 31. Ke2 c4 32. d4 Nd3 33. Ra2 Nc1+ 34. Kd2
Nxa2 35. d5 c3+ 36. bxc3 bxc3+ 37. Kc2 Rxa6 38. f4 Nb4+ 39. Kxc3 Nxd5+ 40. Kd4
Nxf4 0-1

[Event "AUTO-ADV-4496"]
[Site "http://www.queenalice.com/game.php?id=1758987"]
[Date "2021.5.9"]
[Round "1"]
[White "fpferreira"]
[Black "Sheik3333"]
[Result "1-0"]
[WhiteElo "2082"]
[BlackElo "1750"]

1. e4 e5 2. Nf3 d6 3. Bb5+ c6 4. Ba4 h6 5. Nc3 Nf6 6. O-O Nbd7 7. h3 b5 8. Bb3
Nc5 9. d3 Nxb3 10. axb3 b4 11. Ne2 Be7 12. Re1 O-O 13. Ng3 a5 14. d4 exd4 15.
Nxd4 c5 16. Ndf5 Bxf5 17. Nxf5 Re8 18. Bf4 d5 19. e5 Nh5 20. Qxh5 d4 21. e6 f6
22. Qf7+ Kh8 23. Qxg7# 1-0

[Event "AUTO-ADV-4496"]
[Site "http://www.queenalice.com/game.php?id=1758988"]
[Date "2021.5.9"]
[Round "1"]
[White "Sheik3333"]
[Black "fpferreira"]
[Result "0-1"]
[WhiteElo "1718"]
[BlackElo "2113"]

1. e4 e5 2. Nf3 Nc6 3. Bb5 a6 4. Bxc6 dxc6 5. d3 Nf6 6. Nxe5 Bd6 7. Nf3 O-O 8.
Nc3 Bg4 9. h3 Bxf3 10. Qxf3 a5 11. Qe3 Nd5 12. Qd2 Nxc3 13. Qxc3 Bb4 14. Qxb4
axb4 15. O-O b3 16. cxb3 Qxd3 17. f3 f5 18. e5 Qd4+ 19. Kh1 Qxe5 20. f4 Rad8 21.
Kg1 Qe2 22. Rf2 Rd1+ 23. Kh2 Qxf2 24. Be3 Qc2 25. Rxd1 Qxd1 26. Bc5 Rd8 27. Be7
Rd3 28. Bh4 Qe2 0-1

[Event "AUTO-ADV-4496"]
[Site "http://www.queenalice.com/game.php?id=1758999"]
[Date "2021.5.9"]
[Round "1"]
[White "Sheik3333"]
[Black "ALDROB"]
[Result "1-0"]
[WhiteElo "1747"]
[BlackElo "1711"]

1. e4 e5 2. Nf3 Nc6 3. Bc4 Nf6 4. d3 Bc5 5. h3 O-O 6. Bg5 d6 7. Nc3 h6 8. Bh4
Na5 9. Bxf6 Qxf6 10. a3 Nxc4 11. dxc4 Be6 12. Qd3 a6 13. O-O-O Rfd8 14. Nd5 Bxd5
15. cxd5 b5 16. Qc3 a5 17. Rhf1 b4 18. axb4 axb4 19. Qc4 Ra1+ 20. Kd2 Qf4+ 21.
Kd3 Rxd1+ 22. Rxd1 Bxf2 23. Qb3 Qe3+ 24. Kc4 Qc5+ 25. Kd3 Qb6 26. Ke2 c5 27. Qc4
Bg3 28. Qd3 Rc8 29. Nd2 c4 30. Qxg3 c3 31. bxc3 Rxc3 32. Qf2 Qxf2+ 33. Kxf2 Rxc2
34. Ke1 b3 35. Nxb3 Rxg2 36. Na5 Rg3 37. Nb7 Re3+ 38. Kf2 Rxe4 39. Nxd6 Rh4 40.
Kg3 Rb4 41. Nf5 Kh7 42. d6 Rb8 43. d7 Rd8 44. Ne7 g5 45. Nc6 Rxd7 46. Rxd7 1-0

[Event "AUTO-ADV-4496"]
[Site "http://www.queenalice.com/game.php?id=1759000"]
[Date "2021.5.9"]
[Round "1"]
[White "ALDROB"]
[Black "Sheik3333"]
[Result "0-1"]
[WhiteElo "1731"]
[BlackElo "1742"]

1. c4 e5 2. Nc3 Nc6 3. Nf3 d6 4. g3 Nf6 5. Bg2 Be6 6. b3 a6 7. O-O h6 8. Bb2 Be7
9. e3 Nb4 10. d4 e4 11. Nd2 Nd3 12. Ba3 c5 13. Ncxe4 Nb4 14. Nxf6+ Bxf6 15. Bxb7
Ra7 16. Qf3 Nc2 17. Bb2 Nxa1 18. Rxa1 Qe7 19. Be4 O-O 20. Qg2 Rd8 21. f4 cxd4
22. exd4 Bd7 23. Kh1 Rc8 24. Re1 Qf8 25. h3 Re8 26. Qf2 Bxh3 27. d5 Bxb2 28.
Qxa7 Ra8 29. Qf2 Bc3 30. Re3 Bd4 31. Nf3 Bxe3 32. Qxe3 Re8 33. Qd4 Bg4 34. Nh4
Qe7 35. Bg2 Qe1+ 36. Kh2 Qe2 37. a3 g5 38. fxg5 hxg5 39. Qf6 gxh4 40. gxh4 Qe5+
41. Qxe5 Rxe5 0-1

[Event "AUTO-ADV-4518"]
[Site "http://www.queenalice.com/game.php?id=1763941"]
[Date "2021.7.7"]
[Round "1"]
[White "Sheik3333"]
[Black "Wecker"]
[Result "0-1"]
[WhiteElo "1738"]
[BlackElo "1949"]

1. e4 e5 2. Nf3 Nc6 3. Bb5 a6 4. Bxc6 dxc6 5. d3 Bc5 6. Nxe5 Qd4 7. Ng4 Bxg4 8.
Qd2 Nf6 9. Qe3 Qb4+ 10. Qd2 O-O-O 11. a3 Qd4 12. f3 Bh5 13. Nc3 g5 14. g4 Bg6
15. Rf1 h5 16. Ne2 Qe5 17. d4 Qxh2 18. Qxg5 Be7 19. Qa5 Qh4+ 20. Kd1 hxg4 21.
Bf4 Bd6 22. e5 gxf3 23. Bg3 fxe2+ 24. Kxe2 Qxg3 25. exf6 Rh2+ 26. Kd1 Bxc2+ 27.
Kc1 Bf4+ 28. Rxf4 Qxf4+ 0-1

[Event "AUTO-ADV-4518"]
[Site "http://www.queenalice.com/game.php?id=1763942"]
[Date "2021.7.7"]
[Round "1"]
[White "Wecker"]
[Black "Sheik3333"]
[Result "1-0"]
[WhiteElo "1851"]
[BlackElo "1706"]

1. e4 e5 2. Nf3 d6 3. d4 Bg4 4. Bc4 exd4 5. Bxf7+ Kxf7 6. Ng5+ Qxg5 7. Bxg5 Bxd1
8. Kxd1 Be7 9. f4 Bxg5 10. fxg5 g6 11. Nd2 Ne7 12. Rf1+ Kg7 13. Nf3 Nbc6 14. Kd2
Rhf8 15. Rae1 Ne5 16. Nxd4 Nc4+ 17. Kc3 Ne5 18. Ne6+ Kg8 19. Nxf8 Rxf8 20. Rf6
Rxf6 21. gxf6 N7c6 22. Kd2 Nc4+ 23. Kc1 Kf7 24. b3 N4e5 25. Kd2 Kxf6 26. Rf1+
Kg7 27. c3 Ng4 28. h3 Nf6 29. Ke3 a5 30. g4 b5 31. Kf4 h6 32. Re1 g5+ 33. Kf5
Ne5 34. Ke6 Ned7 35. a3 Nc5+ 36. Ke7 Nfxe4 37. b4 axb4 38. cxb4 Nf6 39. bxc5
dxc5 40. Re5 b4 41. axb4 cxb4 42. Rb5 Kg6 43. Kd8 c6 44. Rxb4 Nd5 45. Rd4 Nf4
46. Rd6+ Kf7 47. Rxh6 c5 48. Rc6 Kg7 49. Kd7 Kf7 50. Rxc5 1-0

[Event "AUTO-ADV-4518"]
[Site "http://www.queenalice.com/game.php?id=1763943"]
[Date "2021.7.7"]
[Round "1"]
[White "Sheik3333"]
[Black "MMA34"]
[Result "0-1"]
[WhiteElo "1730"]
[BlackElo "1851"]

1. e4 c5 2. Bc4 d6 3. d3 Nc6 4. Nf3 Nf6 5. Ng5 e6 6. Nc3 a6 7. a3 h6 8. Nf3 b5
9. Bb3 Be7 10. Be3 Bb7 11. O-O b4 12. axb4 Nxb4 13. Na4 O-O 14. Bd2 Nc6 15. Nb6
Qxb6 16. Be3 e5 17. c4 Rab8 18. Qc2 Bc8 19. Nd2 Nd4 20. Bxd4 cxd4 21. h3 Nd7 22.
Rfb1 Nc5 23. Ra3 Bd7 24. Ba2 Bg5 25. Nb3 Ba4 26. Qe2 Bxb3 27. Bxb3 Nxb3 28. Qc2
a5 29. Ra2 f5 30. g3 fxe4 31. dxe4 Rf3 32. Qe2 Rbf8 33. Qc2 d3 34. Qd1 Qxf2+ 35.
Kh1 Rxg3 36. Qf1 Qxf1+ 37. Rxf1 Rxf1+ 38. Kh2 Bf4 39. h4 d2 0-1

[Event "AUTO-ADV-4518"]
[Site "http://www.queenalice.com/game.php?id=1763944"]
[Date "2021.7.7"]
[Round "1"]
[White "MMA34"]
[Black "Sheik3333"]
[Result "0-1"]
[WhiteElo "1762"]
[BlackElo "1716"]

1. d4 d5 2. c4 e6 3. Nf3 Nc6 4. a3 h6 5. e3 Nf6 6. Be2 a6 7. b4 Bd6 8. c5 Be7 9.
O-O O-O 10. Nc3 b6 11. Bb2 bxc5 12. dxc5 Bb7 13. h3 e5 14. Re1 Re8 15. Qc2 e4
16. Nh2 a5 17. b5 Ne5 18. c6 Bc8 19. Red1 Bd6 20. Nxd5 Nxd5 21. Rxd5 Ng6 22. Qc3
f6 23. Bh5 Bxh2+ 24. Kxh2 Qxd5 25. Be2 Qe5+ 26. g3 Qxc3 27. Bxc3 Be6 0-1

[Event "AUTO-ADV-4518"]
[Site "http://www.queenalice.com/game.php?id=1763945"]
[Date "2021.7.7"]
[Round "1"]
[White "Sheik3333"]
[Black "fabricioprado"]
[Result "0-1"]
[WhiteElo "1696"]
[BlackElo "1705"]

1. e4 c5 2. Bc4 e6 3. d3 Be7 4. Nf3 Nf6 5. Bf4 a6 6. Nc3 Nc6 7. h3 O-O 8. O-O b5
9. Nxb5 axb5 10. Bxb5 Bb7 11. Bxc6 Bxc6 12. Ne5 Bb7 13. Re1 d6 14. Nc4 e5 15.
Be3 h6 16. Qf3 Qd7 17. Nb6 Qc6 18. Nxa8 Bxa8 19. Bd2 d5 20. exd5 Nxd5 21. c4 Nb4
22. Qxc6 Nxc6 23. Bc3 Bf6 24. a4 Nd4 25. Bxd4 exd4 26. b3 Rc8 27. f3 Kf8 28. a5
Bc6 29. a6 Ra8 30. Ra5 Be7 31. Re5 f6 32. Re6 Bd7 33. Re2 Bc8 0-1

[Event "AUTO-ADV-4518"]
[Site "http://www.queenalice.com/game.php?id=1763946"]
[Date "2021.7.7"]
[Round "1"]
[White "fabricioprado"]
[Black "Sheik3333"]
[Result "1-0"]
[WhiteElo "1789"]
[BlackElo "1719"]

1. e4 e5 2. Nf3 d6 3. Bc4 h6 4. O-O Nf6 5. Re1 a6 6. Nc3 Bg4 7. d3 Nc6 8. Be3 b5
9. Bb3 Na5 10. h3 Bh5 11. g4 Nxb3 12. cxb3 Bg6 13. Kh2 h5 14. g5 Nd7 15. Rc1 Be7
16. Nd5 c6 17. Nxe7 Qxe7 18. Rxc6 O-O 19. Qd2 Nb8 20. Rb6 Nd7 21. Rb7 Qd8 22.
Rc1 Nc5 23. Bxc5 dxc5 24. Rxc5 f6 25. Rcc7 Rc8 26. Rxg7+ Kh8 27. Rxg6 Qe8 28.
Rgg7 Rb8 29. Rh7+ Kg8 30. Rbg7# 1-0